Vista normal
Vista MARC
Entrada Personal Name
Número de registros utilizados en: 1
001 - CONTROL NUMBER
- control field: 5174
003 - CONTROL NUMBER IDENTIFIER
- control field: OSt
005 - DATE AND TIME OF LATEST TRANSACTION
- control field: 20200607152554.0
008 - FIXED-LENGTH DATA ELEMENTS
- fixed length control field: 200607|| aca||aabn | a|a d
040 ## - CATALOGING SOURCE
- Original cataloging agency: OSt
- Transcribing agency: OSt
100 ## - HEADING--PERSONAL NAME
- Personal name: Méndez Morales, José Silvestre,
670 ## - SOURCE DATA FOUND
- Source citation: Work cat.: (OSt)5341: Méndez Morales, José Silvestre, autor, Fundamentos de economía : , ©2014